[Event "Nordsjalland Weekend op-A"]
[Site "Allerod"]
[Date "2023.01.08"]
[Round "4"]
[White "Petersen, Peter Birk"]
[Black "Moe, Mogens"]
[Result "0-1"]
[WhiteElo "2145"]
[BlackElo "2171"]
[PlyCount "68"]
[EventDate "2023.01.06"]
[EventType "swiss"]
[EventRounds "5"]
[EventCountry "DEN"]
[SourceTitle "EXT 2024"]
[Source "ChessBase"]
[SourceDate "2023.10.10"]
[SourceVersion "1"]
[SourceVersionDate "2023.10.10"]
[SourceQuality "1"]

1. e4 c5 2. Nf3 e6 3. d4 cxd4 4. Nxd4 a6 5. Nc3 Qc7 6. Bd3 Nf6 7. 0-0 Nc6 8. Be3 b5 9. Nxc6 Qxc6 10. f3 Bc5 11. Qe2 d6 12. Kh1 0-0 13. e5 Nd5 14. Bxc5 dxc5 15. Qe4 g6 16. Qh4 Nxc3 17. bxc3 Qc7 18. Be4 Ra7 19. Qg3 Qe7 20. Rad1 Rd8 21. h4 Rad7 22. Rxd7 Rxd7 23. h5 Kg7 24. Qf4 g5 25. h6+ Kh8 26. Qg3 f5 27. exf6 Qxf6 28. Qh2 e5 29. Qh5 Rd8 30. Kh2 Be6 31. a4 bxa4 32. Rb1 Bf7 33. Qh3 a3 34. Rb6 Qxb6 0-1

[Event "Helsingor Hojstrupgaard op"]
[Site "Helsingor"]
[Date "2021.07.25"]
[Round "5"]
[White "Ramsdal, Jens Albert"]
[Black "Petersen, Peter Birk"]
[Result "0-1"]
[WhiteElo "2282"]
[BlackElo "2141"]
[PlyCount "97"]
[EventDate "2021.07.23"]
[EventType "swiss"]
[EventRounds "5"]
[EventCountry "DEN"]
[SourceTitle "CBM 203 Extra"]
[Source "ChessBase"]
[SourceDate "2021.09.30"]
[SourceVersion "1"]
[SourceVersionDate "2021.09.30"]
[SourceQuality "1"]

1. d4 Nf6 2. c4 e6 3. Nc3 Bb4 4. Qc2 c5 5. dxc5 Bxc5 6. Bf4 Nc6 7. Nf3 0-0 8. e3 d5 9. Rd1 Qa5 10. Nd2 Bb4 11. Nb3 Bxc3+ 12. Qxc3 Qxc3+ 13. bxc3 b6 14. Bd3 Bb7 15. f3 Rfd8 16. c5 Nd7 17. Bd6 Rdc8 18. cxb6 axb6 19. Bb1 Nce5 20. Bb4 Nc5 21. Kf2 Na4 22. Rc1 Nb2 23. Kg3 Nbd3 24. Rcd1 Nb2 25. Rd4 Nbc4 26. Re1 Na3 27. Bxa3 Rxa3 28. Rc1 Nc4 29. f4 Nxe3 30. Rb4 Ra6 31. Nd4 Nc4 32. a4 Bc6 33. Bc2 Bd7 34. Ra1 Ne3 35. Bd3 Rxc3 36. Bxa6 Nc2+ 37. Kh4 Nxb4 38. Bb5 Bxb5 39. axb5 g6 40. Kg5 Kg7 41. Nxe6+ fxe6 42. Ra7+ Kf8 43. Kf6 Ke8 44. Rxh7 Re3 45. Re7+ Kd8 46. f5 d4 47. Ra7 gxf5 48. h4 d3 49. Ra4 0-1

[Event "Helsingor Hojstrupgaard op"]
[Site "Helsingor"]
[Date "2021.07.24"]
[Round "3"]
[White "Bach, Matthias"]
[Black "Petersen, Peter Birk"]
[Result "1-0"]
[WhiteElo "2277"]
[BlackElo "2141"]
[PlyCount "69"]
[EventDate "2021.07.23"]
[EventType "swiss"]
[EventRounds "5"]
[EventCountry "DEN"]
[SourceTitle "CBM 203 Extra"]
[Source "ChessBase"]
[SourceDate "2021.09.30"]
[SourceVersion "1"]
[SourceVersionDate "2021.09.30"]
[SourceQuality "1"]

1. d4 Nf6 2. c4 e6 3. Nc3 Bb4 4. Bg5 h6 5. Bh4 g5 6. Bg3 Ne4 7. Qc2 f5 8. Be5 Rg8 9. f3 Nxc3 10. bxc3 Be7 11. Bg3 c5 12. d5 Bf6 13. e3 Qe7 14. Bd3 exd5 15. Bxf5 Nc6 16. Ne2 dxc4 17. Rd1 Ne5 18. 0-0 d6 19. Bxc8 Rxc8 20. Bxe5 Bxe5 21. f4 Bf6 22. Ng3 Rc6 23. Rf2 Kd7 24. Ne4 Kc8 25. Rd5 gxf4 26. exf4 Re8 27. Re2 Kb8 28. Qa4 Bg7 29. Qxc4 Bf8 30. Rf5 Rc7 31. Kf1 Qg7 32. Qd5 Rd7 33. Nxc5 dxc5 34. Rxe8+ Kc7 35. Qe5+ 1-0

[Event "Helsingor Xtracon op"]
[Site "Helsingor"]
[Date "2019.07.28"]
[Round "10"]
[White "Petersen, Peter Birk"]
[Black "Meyer, Juergen"]
[Result "1/2-1/2"]
[WhiteElo "2158"]
[BlackElo "1889"]
[PlyCount "99"]
[EventDate "2019.07.20"]
[EventType "swiss"]
[EventRounds "10"]
[EventCountry "DEN"]
[SourceTitle "CBM 191 Extra"]
[Source "ChessBase"]
[SourceDate "2019.09.30"]
[SourceVersion "1"]
[SourceVersionDate "2019.09.30"]
[SourceQuality "1"]

1. e4 e6 2. d4 d5 3. Nd2 Nf6 4. e5 Nfd7 5. Bd3 c5 6. c3 Nc6 7. Ne2 cxd4 8. cxd4 f6 9. exf6 Nxf6 10. Nf3 Bd6 11. 0-0 Qc7 12. Bg5 0-0 13. Bh4 Nh5 14. Qc2 h6 15. Bh7+ Kh8 16. Bg6 Rxf3 17. Bxh5 Rf8 18. Bg3 e5 19. dxe5 Bxe5 20. Qc5 Rd8 21. Rad1 Bxg3 22. hxg3 Qe5 23. Nf4 Qd6 24. Qxd6 Rxd6 25. Rxd5 Rxd5 26. Nxd5 Bf5 27. Re1 Rd8 28. Ne7 Nxe7 29. Rxe7 Rd7 30. Rxd7 Bxd7 31. f4 Kg8 32. Kf2 Kf8 33. Ke3 Ke7 34. Bf3 b6 35. b4 Kd6 36. Kd4 Be6 37. a3 Ba2 38. g4 g5 39. f5 Bb3 40. g3 Ba2 41. Bb7 Bb3 42. Bc8 Bf7 43. Bb7 Bb3 44. Ba6 Bd5 45. Bc8 Bf7 46. Bb7 Bb3 47. f6 Be6 48. Bf3 Bf7 49. Be4 Be6 50. Bf3 1/2-1/2

[Event "Helsingor Xtracon op"]
[Site "Helsingor"]
[Date "2019.07.23"]
[Round "5"]
[White "Vaishali, Ramesh Babu"]
[Black "Petersen, Peter Birk"]
[Result "1-0"]
[WhiteElo "2344"]
[BlackElo "2158"]
[PlyCount "85"]
[EventDate "2019.07.20"]
[EventType "swiss"]
[EventRounds "10"]
[EventCountry "DEN"]
[SourceTitle "CBM 191 Extra"]
[Source "ChessBase"]
[SourceDate "2019.09.30"]
[SourceVersion "1"]
[SourceVersionDate "2019.09.30"]
[SourceQuality "1"]

1. e4 c5 2. Nc3 e6 3. d4 cxd4 4. Qxd4 Nc6 5. Qe3 Nf6 6. Bd2 a6 7. 0-0-0 Qc7 8. f4 d6 9. Nf3 b5 10. Be1 Be7 11. Bd3 Bb7 12. Bh4 Nb4 13. a3 Nxd3+ 14. Rxd3 Rc8 15. Rd2 0-0 16. f5 Ng4 17. Qe1 exf5 18. exf5 Rfe8 19. Re2 Kf8 20. Bxe7+ Rxe7 21. Rxe7 Qxe7 22. Qg3 Nf6 23. Re1 Qc7 24. Nd4 Qd7 25. Qf4 Bxg2 26. Rg1 Bb7 27. Qg5 Ne8 28. f6 g6 29. Re1 Kg8 30. Re7 Qh3 31. Rxb7 Qf1+ 32. Nd1 Nxf6 33. Re7 Rc5 34. Qg3 Rd5 35. Re1 Qc4 36. Nb3 Qc7 37. Nc3 Re5 38. Rf1 Qe7 39. Nd4 Nh5 40. Qf2 Qg5+ 41. Kb1 Re7 42. Qf3 Kg7 43. Ne6+ 1-0

[Event "Helsingor Xtracon op"]
[Site "Helsingor"]
[Date "2019.07.21"]
[Round "3"]
[White "Sebastian, Andreas"]
[Black "Petersen, Peter Birk"]
[Result "0-1"]
[WhiteElo "1911"]
[BlackElo "2158"]
[PlyCount "76"]
[EventDate "2019.07.20"]
[EventType "swiss"]
[EventRounds "10"]
[EventCountry "DEN"]
[SourceTitle "CBM 191 Extra"]
[Source "ChessBase"]
[SourceDate "2019.09.30"]
[SourceVersion "1"]
[SourceVersionDate "2019.09.30"]
[SourceQuality "1"]

1. d4 Nf6 2. Nf3 e6 3. Bg5 Be7 4. e3 c5 5. c3 b6 6. Bd3 Bb7 7. Nbd2 Nc6 8. 0-0 0-0 9. a4 d6 10. Qb1 h6 11. Bxf6 Bxf6 12. b4 Rb8 13. Rd1 cxb4 14. cxb4 a5 15. b5 Nb4 16. Be4 Qd7 17. Qb3 Rfc8 18. Rac1 Bxe4 19. Nxe4 Be7 20. Ne1 d5 21. Nd2 Rc7 22. Nd3 Nxd3 23. Qxd3 Rbc8 24. Rxc7 Rxc7 25. Nb3 Qc8 26. Qb1 Rc3 27. Rc1 Ba3 28. Rxc3 Qxc3 29. Qd1 Qc4 30. Na1 Bb2 31. Nb3 Qxa4 32. Qc2 Qb4 33. g3 a4 34. Qc8+ Kh7 35. Qc2+ Kg8 36. Qc8+ Qf8 37. Qc2 axb3 38. Qxb2 Qb4 0-1

[Event "DEN-ch Seniors 65+"]
[Site "Odder"]
[Date "2019.02.12"]
[Round "2"]
[White "Madsen, Svend Aage"]
[Black "Petersen, Peter Birk"]
[Result "1/2-1/2"]
[WhiteElo "2040"]
[BlackElo "2106"]
[PlyCount "81"]
[EventDate "2019.02.11"]
[EventType "swiss"]
[EventRounds "7"]
[EventCountry "DEN"]
[SourceTitle "CBM 189 Extra"]
[Source "ChessBase"]
[SourceDate "2019.06.03"]
[SourceVersion "1"]
[SourceVersionDate "2019.06.03"]
[SourceQuality "1"]

1. e4 c5 2. Nf3 e6 3. b3 b6 4. Bb2 Bb7 5. Nc3 Nc6 6. d4 cxd4 7. Nxd4 a6 8. Nxc6 Bxc6 9. Bd3 Qc7 10. 0-0 Nf6 11. Qe2 Bd6 12. h3 Be5 13. Nd1 0-0 14. c3 d5 15. exd5 Nxd5 16. Be4 Nf4 17. Qf3 Bxe4 18. Qxe4 Rad8 19. Re1 Nd3 20. Re3 f5 21. Qf3 Qd6 22. Ba3 Qxa3 23. Rxd3 Bf6 24. Rxd8 Rxd8 25. Qc6 Qd6 26. Qxd6 Rxd6 27. a4 Rd3 28. Rc1 Bg5 29. Rb1 Bd2 30. c4 a5 31. Kf1 Bb4 32. Ne3 Kf7 33. Nc2 Bc3 34. Ne1 Rd8 35. Rc1 Bb4 36. Nc2 Bc5 37. Ke2 Kf6 38. f3 Ke5 39. g3 g5 40. Ne1 Be7 41. Nd3+ 1/2-1/2

[Event "DEN-ch Seniors 65+"]
[Site "Odder"]
[Date "2019.02.11"]
[Round "1"]
[White "Petersen, Peter Birk"]
[Black "Markussen, Benno Orvad"]
[Result "1-0"]
[WhiteElo "2106"]
[BlackElo "1739"]
[PlyCount "57"]
[EventDate "2019.02.11"]
[EventType "swiss"]
[EventRounds "7"]
[EventCountry "DEN"]
[SourceTitle "CBM 189 Extra"]
[Source "ChessBase"]
[SourceDate "2019.06.03"]
[SourceVersion "1"]
[SourceVersionDate "2019.06.03"]
[SourceQuality "1"]

1. e4 d6 2. d4 Nf6 3. Nc3 e5 4. Nf3 Nbd7 5. Bc4 Be7 6. 0-0 0-0 7. Re1 c6 8. a4 a5 9. h3 Qc7 10. Be3 exd4 11. Nxd4 Ne5 12. Bb3 Bd7 13. f4 Ng6 14. Nf3 Ne8 15. Qd2 Bf6 16. Rad1 Rd8 17. Bf2 h6 18. Kh1 Bc8 19. Rf1 Kh8 20. Be3 Qe7 21. Bb6 Rd7 22. Nd4 Bxd4 23. Qxd4 f5 24. Rde1 Qf6 25. exf5 Nh4 26. g4 d5 27. Re6 Qxd4 28. Bxd4 Rdf7 29. Rxh6+ 1-0

[Event "Helsingor Xtracon op"]
[Site "Helsingor"]
[Date "2018.07.22"]
[Round "2"]
[White "Ochsner, Bjorn Moller"]
[Black "Petersen, Peter Birk"]
[Result "1-0"]
[WhiteElo "2469"]
[BlackElo "2128"]
[PlyCount "67"]
[EventDate "2018.07.21"]
[EventType "swiss"]
[EventRounds "10"]
[EventCountry "DEN"]
[SourceTitle "CBM 185 Extra"]
[Source "ChessBase"]
[SourceDate "2018.07.29"]
[SourceVersion "1"]
[SourceVersionDate "2018.07.29"]
[SourceQuality "1"]

1. d4 Nf6 2. Nf3 e6 3. c4 c5 4. d5 exd5 5. cxd5 d6 6. Nc3 g6 7. Bf4 Bg7 8. Qa4+ Bd7 9. Qb3 Qc7 10. e3 0-0 11. Be2 a6 12. a4 Bg4 13. 0-0 Nbd7 14. h3 Bxf3 15. Bxf3 Rfe8 16. Bh2 Rab8 17. Rfd1 h5 18. Rac1 Nh7 19. Be2 Ng5 20. Qc2 h4 21. Bd3 Nf6 22. b3 Qd7 23. e4 Rbd8 24. f4 Ngh7 25. e5 dxe5 26. fxe5 Nxd5 27. Nxd5 Qxd5 28. Bxg6 Qxd1+ 29. Rxd1 Rxd1+ 30. Qxd1 fxg6 31. Qd7 Rf8 32. Qe6+ Rf7 33. Qxg6 Nf8 34. Qg4 1-0